Tabiat pagi : melentur buluh 3 [

Petua untuk menjadi ibubapa yang cemerlang

Bibliographic Details
Main Author: Mohd Fadzilah Kamsah
Format: Book
Published: Kuala Lumpur : TV3 , 1994
Series:Siri 1
Subjects:

MARC

LEADER 00000cam a2200000 7i4500
001 0000025317
002 000027300
005 20020924.0
090 0 0 |a 153.8   |b MOH 
100 0 |a Mohd Fadzilah Kamsah   |f Dr 
245 0 0 |a Tabiat pagi :   |b melentur buluh 3 [  |h video recording]   |c Dr.Mohd Fadzilah Kamsah 
260 |a Kuala Lumpur :   |b TV3 ,   |c 1994 
300 |a 1 video recording VHS (60 minutes) :   |b col(PAL) 
490 0 |a Siri 1 
500 |a Library has 1 copy 
520 0 |a Petua untuk menjadi ibubapa yang cemerlang 
650 0 0 |a Motivation (Psychology) 
650 0 0 |a Motivation and personality 
999 |a PV00218   |b VIDEO   |c PINJAMAN   |e PERPUSTAKAAN KOMUNITI PETALING JAYA